Mitochondriálna respirácia leukemických buniek diplomová práca

Na minha lista:
Detalhes bibliográficos
Autor principal: Cengelová, Eva
Formato: Livro
Idioma:eslovaco
Publicado em: Bratislava STU FCHPT 2014
Acesso em linha:View in OPAC
Tags: Adicionar Tag
Sem tags, seja o primeiro a adicionar uma tag!

MARC

LEADER 00000nam a2200000 a 4500
005 20260127134336.0
008 140619 2010 000 0 slo d
035 |a vtls010604782 
039 9 |y 201406191146  |z mschk03 
040 |a STUSCHK1  |b slo  |c STUSCHK1  |e AACR2 
100 1 |a Cengelová, Eva 
245 1 |a Mitochondriálna respirácia leukemických buniek  |b diplomová práca  |c 2014 
260 |a Bratislava  |b STU FCHPT  |c 2014 
300 |a 81 s.  |b obr.  |c 2014 
500 |a Obhájené: 10.6.2014 
500 |a Štud. program: biochnológia 
500 |a Štud. odbor: biotechnológie 
500 |a Škol. pracovisko: Odd. biochémie a mikrobiológie 
500 |a Evid. číslo: FCHPT-5421-70169 
910 |a SCHK95 
999 |c 10332  |d 10332